Normal view
MARC view
- Mora, Francisco
Entry Nombre Personal
001 - NUMERO DE CONTROL
- campo de control: 53590
003 - IDENTIFICADOR DE NUMERO DE CONTROL
- campo de control: MX-MxUPN
005 - FECHA Y HORA DE LA ÜLTIMA TRANSACCIÓN
- campo de control: 20240918094334.0
008 - DATOS DE LONGITUD FIJA
- campo de control de longitud fija: 240918|| aca||aabn | aaa d
040 ## - FUENTE DE CATALOGACIÓN
- Agencia original de catalogación: MX-MxUPN
- Lenguaje de catalogación: spa
- Agencia de transcripción: MX-MxUPN
046 ## - FECHAS CON CODIFICACIÓN ESPECIAL
- Fecha de nacimiento: 1922
- Fecha de muerte: 2002
100 1# - ENCABEZAMIENTO - NOMBRE PERSONAL
- Nombre personal: Mora, Francisco
370 ## - LUGAR ASOCIADO
- Place of birth: Uruapan, Michoacán
373 ## - GRUPO ASOCIADO
- Associated group: Escuela Nacional de Pintura, Escultura y Grabado "La Esmeralda" (Mexico)
- Fuente del término: naf
374 ## - OCUPACIÓN
- Occupation: Grabador
- Occupation: Ilustrador
670 ## - FUENTE EN LA QUE SE LOCALIZARON DATOS
- Cita de la fuente: Mora en el IFCM, 1987:
- Información localizada: página [7] (Francisco Mora; nació en 1922 en Uruapan, Michoacán; grabador y pintor; estudió en la Escuela de Pintura y Escultura La Esmeralda, formó parte del Taller de la Gráfica Popular)
670 ## - FUENTE EN LA QUE SE LOCALIZARON DATOS
- Cita de la fuente: Museo CJV sitio web, 18 septiembre 2024:
- Información localizada: (Francisco Mora, 1922-2002; pintor y grabador)
- Uniform Resource Identifier: https://www.museocjv.com/franciscomorabiografia.htm
902 ## - CATALOGADOR
- Catalogador: Víctor Ruiz/180924
